Initiation a l'histoire de la France
Salvato in:
| Autore principale: | |
|---|---|
| Natura: | Libro |
| Lingua: | francese |
| Pubblicazione: |
París
Fayard
1984
|
| Serie: | Collection Approches
|
| Soggetti: | |
| Tags: |
Aggiungi Tag
Nessun Tag, puoi essere il primo ad aggiungerne!!
|
MARC
| LEADER | 00000nam a2200000 a 4500 | ||
|---|---|---|---|
| 001 | UCO0783 | ||
| 003 | CL-VaPUC | ||
| 008 | 000428e19840000fr |||||||||||||||||fre|d | ||
| 082 | 0 | 4 | |a 944 |b GOU |2 21 |
| 100 | |a Goubert, Pierre |e author |9 442308 | ||
| 245 | 1 | 0 | |a Initiation a l'histoire de la France |
| 300 | |a 490 p | ||
| 942 | |c BK | ||
| 945 | |d 20000428 00:00:00 |a rherrera | ||
| 260 | |a París |b Fayard |c 1984 | ||
| 600 | 0 | |a Bonaparte, Napoleón |9 317802 | |
| 650 | 0 | |a Historia de Francia |9 336927 | |
| 650 | 0 | |a Edad media |9 258041 | |
| 650 | 0 | |a Revolución francesa |9 324244 | |
| 650 | 7 | |a GUERRA FRANCOALEMANA |2 CL-VaPUC |9 442252 | |
| 650 | 7 | |a SIGLOS 14-16 |2 CL-VaPUC |9 442303 | |
| 651 | 0 | |a Francia |9 255157 | |
| 583 | |a last modification |c 20171010 05:04:56 |k Rodrigo Vera | ||
| 490 | 0 | |a Collection Approches | |
| 999 | |c 287430 |d 287428 | ||
| 952 | |0 0 |1 0 |4 0 |6 944_000000000000000_GOU_1984 |7 0 |8 A |9 334284 |a BIBHIS |b BIBHIS |d 2019-11-20 |i 1266233 |o 944 GOU 1984 |p 1266233 |r 2025-01-20 |w 2019-11-20 |y BK |k HIS | ||